Paige Quiz - Statistics

General Stats
  • This quiz has been taken 20 times
  • The average score is 12 of 20
Answer Stats
Question Answer % Correct
What is the name of Paige's car Dwayne
94%
What is the name of Paige's dog Carson
88%
What sport did Paige play growing up, and end up having to quit due to injury Figure Skating
88%
What is Paige's dads name John
88%
What food is Paige deathly allergic to. Peanuts and Tree nuts
88%
How many living Grandmothers does Paige have 3
76%
What is the name of Paige's etsy page where she sells homemade masks and scrunchies. Stitch by Paige
76%
Besides the U.S. and Canada what other country has Paige been to the Bahamas
76%
How many Living Grandfathers does Paige have 0
65%
Which fictional persons house does Paige know the location of Coco-Peepee
65%
What language did Paige take in highschool Spanish
65%
What is the name of Paige's small second room in the basement M.O.R.
59%
Which NFL player does Paige have a (slightly concerning) crush on Julian Edelman
53%
What is Paige's most iconic line When is Andrew getting deported?
53%
What is the name of Paige's favorite stuffed animal growing up Baldwin
41%
What was the name of Paige's childhood best friend Georgia Kermond
41%
(Without looking) What is Paige's Instagram username paigewhouley
41%
What is Paiges favorite food Corn Chowder
35%
What is Paige's favorite candy Candy Corn
29%
How many different homes did Paige live in before moving to college 3
18%
No matching quizzes found
Score Distribution
Percent of People with Each Score
Percentile by Number Answered
Your Score History
You have not taken this quiz